00449cam a2200169ua 450000100060000000800390000602000180004504000090006304100080007208200110008010000310009124500540012225000120017626000450018830000100023365300360024311196190903n ii |||gr||||Z||||||eng a9789386668271 cMAIN aeng a339.01 aN Gregory Mankiw,eAuthor. aPrinciples of macroeconomicscBy N Gregory Mankiw a7th ed. aUttar Pradesh:bCengage learning,c2019. a551p. aMacroeconomics & related topics